Once upon a marigold / (Record no. 7317)

MARC details
000 -LEADER
fixed length control field 00870nam a22002537a 4500
001 - CONTROL NUMBER
control field 7317
003 - CONTROL NUMBER IDENTIFIER
control field FISKH
005 - DATE AND TIME OF LATEST TRANSACTION
control field 20250709112408.0
008 - FIXED-LENGTH DATA ELEMENTS--GENERAL INFORMATION
fixed length control field 250709b cb ||||| |||| 00| 0 eng d
020 ## - INTERNATIONAL STANDARD BOOK NUMBER
International Standard Book Number 9780544054004
040 ## - CATALOGING SOURCE
Original cataloging agency FISKH
Language of cataloging eng
Transcribing agency FISKH
Modifying agency FISKH
050 ## - LIBRARY OF CONGRESS CALL NUMBER
Classification number PZ8.F387 O
082 ## - DEWEY DECIMAL CLASSIFICATION NUMBER
Classification number 398.2
100 ## - MAIN ENTRY--PERSONAL NAME
Personal name Ferris, Jean
Dates associated with a name (1939–2015)
245 ## - TITLE STATEMENT
Title Once upon a marigold /
Statement of responsibility, etc. Jean Ferris
250 ## - EDITION STATEMENT
Edition statement This edition first published in 2002
260 ## - PUBLICATION, DISTRIBUTION, ETC.
Place of publication, distribution, etc. New York :
Name of publisher, distributor, etc. Hougton,
Date of publication, distribution, etc. 2002
300 ## - PHYSICAL DESCRIPTION
Extent 282 pages :
Dimensions 20 cm
520 ## - SUMMARY, ETC.
Summary, etc. A young man with a mysterious past and a penchant for inventing things leaves the troll who raised him, meets an unhappy princess he has loved from afar, and discovers a plot against her and her father.<br/>
650 ## - SUBJECT ADDED ENTRY--TOPICAL TERM
Source of heading or term Humor
Topical term or geographic name entry element Young adult
650 ## - SUBJECT ADDED ENTRY--TOPICAL TERM
Source of heading or term Fairy tale
Topical term or geographic name entry element Young adult fiction
942 ## - ADDED ENTRY ELEMENTS (KOHA)
Source of classification or shelving scheme Dewey Decimal Classification
Koha item type Books
Suppress in OPAC No
Holdings
Withdrawn status Lost status Source of classification or shelving scheme Damaged status Not for loan Collection Home library Current library Shelving location Date acquired Total Checkouts Full call number Barcode Date due Date last seen Date last checked out Copy number Price effective from Koha item type
    Dewey Decimal Classification     Fiction Footprints International School Library Network Toul Tom Poung Campus Footprints International School Library Network Toul Kork Campus TTP Secondary Fiction Bookshelves 07/09/2025 2 FER 398.2 PZ8.F387 O 2025-1777 05/06/2026 04/22/2026 04/22/2026 1 07/09/2025 Books